Concrete engineers' handbook, (Record no. 547026)
[ view plain ]
| 000 -LEADER | |
|---|---|
| fixed length control field | 00672cam a22001932 4500 |
| 082 ## - DEWEY DECIMAL CLASSIFICATION NUMBER | |
| Classification number | 624.18341 |
| Author Mark | HOO |
| -- | L-Tech, P-132 |
| 100 1# - MAIN ENTRY--PERSONAL NAME | |
| Personal name | Hool, George Albert. [from old catalog] |
| 9 (RLIN) | 43225 |
| 245 00 - TITLE STATEMENT | |
| Title | Concrete engineers' handbook, |
| 250 ## - EDITION STATEMENT | |
| Edition statement | 1st ed. |
| 260 ## - PUBLICATION, DISTRIBUTION, ETC. | |
| Place of publication, distribution, etc. | New York, |
| Name of publisher, distributor, etc. | McGraw-Hill book company, inc.: [etc., etc.] |
| Date of publication, distribution, etc. | 1918. |
| 300 ## - PHYSICAL DESCRIPTION | |
| Extent | xxiii, 885 p. |
| Other physical details | illus., diagrs. (1 fold.) |
| Dimensions | 24 cm. |
| 526 ## - STUDY PROGRAM INFORMATION NOTE | |
| Program name | 0 |
| Interest level | 0 |
| Reading level | 0 |
| Title point value | 624_183410000000000_HOO |
| 526 ## - STUDY PROGRAM INFORMATION NOTE | |
| Program name | 0 |
| Interest level | 0 |
| Reading level | 0 |
| Title point value | 624_183410000000000_HOO |
| 650 #0 - SUBJECT ADDED ENTRY--TOPICAL TERM | |
| Topical term or geographic name entry element | Concrete construction. |
| 650 #0 - SUBJECT ADDED ENTRY--TOPICAL TERM | |
| Topical term or geographic name entry element | MCE |
| 9 (RLIN) | 379 |
| 700 1# - ADDED ENTRY--PERSONAL NAME | |
| Personal name | Hollister, S. C. [from old catalog] |
| 9 (RLIN) | 43226 |
| 700 1# - ADDED ENTRY--PERSONAL NAME | |
| Personal name | Johnson, Nathan Clarke, |
| 9 (RLIN) | 43227 |
| 942 ## - ADDED ENTRY ELEMENTS (KOHA) | |
| Source of classification or shelving scheme | |
| Koha item type | Book |
| Withdrawn status | Lost status | Source of classification or shelving scheme | Damaged status | Not for loan | Permanent Location | Current Location | Date acquired | Total Checkouts | Full call number | Barcode | Date last seen | Price effective from | Koha item type |
|---|---|---|---|---|---|---|---|---|---|---|---|---|---|
| Military College of Engineering (MCE) | Military College of Engineering (MCE) | 06/27/2014 | 624.18341 HOO | MCE-28986 | 06/27/2014 | 06/27/2014 | Book | ||||||
| Military College of Engineering (MCE) | Military College of Engineering (MCE) | 06/27/2014 | 624.18341 HOO | MCE-28988 | 06/27/2014 | 06/27/2014 | Book |
